Statistiche per Top 30 Città più popolose Liguria

Clicka qui per fare il quiz!

Statistiche generali

  • Questo quiz è stato fatto 70 volte
  • Il punteggio medio è 16 su 30

Statistiche sulle risposte

PopolazioneProvinciaCittà% Corretto
586 180GenovaGenova
97%
92 659La SpeziaLa Spezia
95%
42 322ImperiaImperia
91%
60 661SavonaSavona
90%
54 137ImperiaSanremo
86%
23 926ImperiaVentimiglia
78%
27 338GenovaChiavari
69%
29 226GenovaRapallo
67%
21 829La SpeziaSarzana
66%
18 172GenovaSestri Levante
64%
23 576SavonaAlbenga
62%
11 026SavonaAlassio
57%
11 584GenovaArenzano
55%
11 724SavonaFinale Ligure
52%
12 579GenovaLavagna
52%
9 145GenovaCogoleto
50%
9 709GenovaSanta Margherita Ligure
50%
10 106GenovaRecco
48%
11 563SavonaLoano
47%
10 416ImperiaBordighera
45%
13 461SavonaVarazze
43%
8 880SavonaPietra Ligure
40%
8 790La SpeziaSanto Stefano di Magra
36%
13 237SavonaCairo Montenotte
34%
10 090La SpeziaLerici
33%
14 032ImperiaTaggia
33%
8 405La SpeziaLuni
22%
10 407SavonaAlbisola Superiore
16%
10 316La SpeziaArcola
16%
8 269La SpeziaCastelnuovo Magra
10%

Distribuzione punteggi

Percentile per numero di risposta

Percentuale di utenti per punteggio

I tuoi punteggi nel tempo

Non hai fatto questo quiz